000
00314nam a22001457a 4500
008
230925b ||||| |||| 00| 0 eng d
020
_a
9781551110998
041
_a
eng
080
_a
101
082
_a
101BOS
100
_a
44
101
_a
FILOZ
245
_a
MEDIEVAL PHILOSOPHY
_c
BOSLEY.N.R
942
_2
udc
_c
BK
999
_c
60393
_d
60393